Separate lives (Record no. 57312)

MARC details
000 -LEADER
fixed length control field 01756nam a2200241 a 4500
001 - CONTROL NUMBER
control field 19048547
008 - FIXED-LENGTH DATA ELEMENTS--GENERAL INFORMATION
fixed length control field 160927s2012 ||||||||||||||||| || u
010 ## - LIBRARY OF CONGRESS CONTROL NUMBER
LC control number 2016016518
020 ## - INTERNATIONAL STANDARD BOOK NUMBER
International Standard Book Number 9781780871868
050 ## - LIBRARY OF CONGRESS CALL NUMBER
Classification number PR 6106.L49S47
100 ## - MAIN ENTRY--PERSONAL NAME
Personal name Flett, Kathryn
245 10 - TITLE STATEMENT
Title Separate lives
Statement of responsibility, etc. Kathryn Flett.
250 ## - EDITION STATEMENT
Edition statement First edition.
260 ## - PUBLICATION, DISTRIBUTION, ETC.
Place of publication, distribution, etc. London
Name of publisher, distributor, etc. Quercus
Date of publication, distribution, etc. 2012
300 ## - PHYSICAL DESCRIPTION
Extent 394 p.
350 ## - PRICE (NR) (BK AM CF MU VM SE) [OBSOLETE]
Price 9.38
520 ## - SUMMARY, ETC.
Summary, etc. "Your partner of ten years, and the father of your children (though not your husband, because the two of you agreed that marriage seems so...old-fashioned), receives a text message. A text message you happen to see when you're getting ready for work one day: Start living a different kind of life... P :-) xxx You don't even know anyone with the initial P, but even if you did, the smiley face and kisses would send a shiver of fear down your spine that everything you and your partner have built and which seemed so strong, might be in danger of collapse. How could you miss that? Narrated by Susie, her partner Alex, and the mysterious P, this is an achingly funny, moving and honest portrayal of modern romance, parenthood, and adultery"-- Provided by publisher. "A funny, poignant novel about the challenges to the core relationship at the heart of a nontraditional, modern family that demonstrates how the mechanics of heartbreak are timeless"-- Provided by publisher.
650 #7 - SUBJECT ADDED ENTRY--TOPICAL TERM
Topical term or geographic name entry element FICTION / Humorous
Source of heading or term bisacsh
650 #0 - SUBJECT ADDED ENTRY--TOPICAL TERM
Topical term or geographic name entry element Man-woman relationships - Fiction
650 #7 - SUBJECT ADDED ENTRY--TOPICAL TERM
Topical term or geographic name entry element FICTION / Contemporary Women
Source of heading or term bisacsh
650 #0 - SUBJECT ADDED ENTRY--TOPICAL TERM
Topical term or geographic name entry element TRIANGLES (INTERPERSOANL RELATIONS)--FICTION
995 ## - RECOMMENDATION 995 [LOCAL, UNIMARC FRANCE]
-- 9.38
-- CBU-MAIN LIBRARY (Kitwe)
-- 1
-- AVAILABLE
-- Sep 27, 2016
-- Fiction Collection
Holdings
Withdrawn status Lost status Source of classification or shelving scheme Damaged status Not for loan Home library Current library Shelving location Date acquired Total Checkouts Full call number Barcode Date last seen Date last checked out Price effective from Koha item type
          CBU-MAIN LIBRARY, KITWE. CBU-MAIN LIBRARY, KITWE.   11/30/2022 1 PR 6106.L49S47 746890 10/13/2025 10/01/2025 11/30/2022 MONOGRAPH